000 00275nam a2200121Ia 4500
008 190216s9999||||xx |||||||||||||| ||und||
100 _aNull
245 0 _aGirijakalyanam
260 _bThe Mangalodayam (pvt) Ltd
_c1960
300 _a868p
650 _aKavithkal
942 _cBK
999 _c24217
_d24217